000 01363nam a2200313 i 4500
003 DO-SdBNP
005 20240520102849.0
006 a||||gr|||| 00| 0
007 ta
008 240517e1982 dr ao||| |||| 00| 0 spa d
040 _aDO-SdBNP
_bspa
_cBNPHU
_erda
082 4 _222
_bU54s
111 2 _aUn siglo de Luz
_n(1:
_d1982:
_cSan Pedro de Macorís, República Dominicana)
_985494
245 1 3 _aUn siglo de luz:
_bconcurso nacional de pintura en conmemoración del centenario de San Pedro de Macorís 1892 - 1982 /
_cPresentación, César I. Feris Iglesias.
246 1 0 _a100, un siglo de luz:
_bconcurso nacional de pintura en conmemoración del centenario de San Pedro de Macorís.
264 1 _aSan Pedro de Macorís, República Dominicana:
_bPedro Justo Carrión & Co.
_c1982.
300 _a24 páginas :
_bilustraciones, fotografías ;
_c24 cm.
336 _2rdacontent
_atexto
_btext
337 _2rdamedia
_asin mediación
_bn
338 _2rdacarrier
_avolumen
_bnc
500 _aIncluye datos biográficos de los participantes.
500 _aIncluye pie de foto.
590 _aInventariado 2024 / MF
650 4 _aPintura
_xConcursos
_973687
_zRepública Dominicana
650 4 _aPintura Dominicana
_xPremios
_923013
650 4 _aPinturas dominicanas
_xConcursos
_979017
700 1 _aFeris Iglesias, César Iván,
_956022
_eprólogo
942 _2ddc
_cLF2
999 _c56685
_d56685